=LDR 00000nam 2200000 4500 =001 INLIS000000000020074 =005 20130612115050 =008 ***********************************Ind** =035 ##$$0010-061300000020074 =041 ##$$a Ind =082 ##$$a 611.81 =090 ##$$a 611.81, Den b =100 ##$$a Dennison, Paul =245 ##$$a Brain gym (senam otak) gerakan sederhana untuk belajar dengan keseluruhan otak, Paul E Dannison, ph.D =260 ##$$a 2002 $b Jakarta =300 ##$$a xi, 44 hlm, ilus, 20 cm =650 ##$$a Otak =850 ##$$a NBPNMAT =990 ##$$a 17111711 =990 ##$$a 01201901711